000
00295nam a2200133Ia 4500
100
_a
Perry/J.T./ Lateer/J.G.
942
_c
BK
654
_a
Understanding Oracle
245
_a
Understanding Oracle
260
_b
B.P.B Pub.
_a
NEW DELHI
_c
1992
300
_a
634
546
_a
ENGLISH
999
_c
19188
_d
19188